| 000 | 00722cam a22001935a 4500 | ||
|---|---|---|---|
| 001 | 121393 | ||
| 008 | 240116s2015 xxk fo 001 0 eng d | ||
| 041 | 0 | _aeng | |
| 110 | 2 | _aRoyal Institution of Chartered Surveyors | |
| 245 | 0 | 0 |
_aThe Global Professional and Ethical Standards _c[archived] |
| 260 |
_aLondon, _bRICS, _c9 April 2015 |
||
| 300 | _a5p | ||
| 490 | _aRICS Regulation | ||
| 520 | _aSuperseded on 2 February 2022 by the Rules of Conduct | ||
| 610 | 0 |
_94900 _aRoyal Institution of Chartered Surveyors |
|
| 651 | 4 | _aInternational | |
| 856 | 4 | 1 |
_uhttps://www.rics.org/content/dam/ricsglobal/documents/regulation/archived_global_professional_and_ethical_standards.pdf _zAvailable on RICS.org |
| 942 | _n0 | ||
| 999 |
_c121771 _d121771 |
||